مكتبة جامعة عجلون الوطنية

فهرس بحث المكتبة

Normal view MARC view
  • صحاري مصر

Entry Topical Term

Number of records used in: 1

001 - CONTROL NUMBER

  • control field: 17941

003 - CONTROL NUMBER IDENTIFIER

  • control field: JO-AjAnu

005 - DATE AND TIME OF LATEST TRANSACTION

  • control field: 20230606073147.0

008 - FIXED-LENGTH DATA ELEMENTS

  • fixed length control field: 230606|| aca||aabn | a|a d

040 ## - CATALOGING SOURCE

  • Original cataloging agency: JO-AjAnu
  • Transcribing agency: JO-AjAnu

150 ## - HEADING--TOPICAL TERM

  • Topical term or geographic name entry element: صحاري مصر

670 ## - SOURCE DATA FOUND

  • Source citation: Work cat.: (JO-AjAnu)9213: منصر,عبدالحليم/ م مشارك محمد عبد الفتاح القصامن, author 17940, صحارى مصر